Szczegóły MARC21

Encyklopedia biologiczna : wszystkie dziedziny nauk przyrodniczych. T. 1- /

003 -Nazwa inst., której nr kontr. jest w polu 001 [,]
    • @
    • Nazwa instytucji, której n kontrolny jest w polu 001
    • NUKAT
005 -DATA I CZAS OSTATNIEJ MODYFIKACJI [,]
    • @
    • pole kontrolne
    • 20251002105747.0
020 -Międzynarod. znormalizowany nr książki - ISBN [ , ]
    • a
    • Numer ISBN
    • 8385909354 Find
    • q
    • Dopowiedzenie
    • całość
040 -Instytucja sporządzająca opis [ , ]
    • a
    • Instytucja, która sporządziła opis (NP)
    • Ł U/GS
    • c
    • Instytucja, która sporządziła rekord (NP)
    • Ł U/GS
    • d
    • Instytucja, która zmodyfikowała rekord (P)
    • Ł U/MK
    • d
    • Instytucja, która zmodyfikowała rekord (P)
    • Ł U/JOs
942 -Rodzaj dokumentu [ , ]
    • c
    • Rodzaj dokumentu
    • Książka
245 -Strefa tytułu i oznaczenia odpowiedzialności [0,0]
    • a
    • Tytuł
    • Encyklopedia biologiczna : Find
    • b
    • Ciąg dalszy tytułu (NP)
    • wszystkie dziedziny nauk przyrodniczych. Find
    • n
    • Oznaczenie części (P)
    • T. 1- /
    • c
    • Pozostałe elementy strefy tytułu i oznaczenia odpowiedzialności (NP)
    • [oprac. nauk. Czesław Jura, Halina Krzanowska ; aut. haseł Teresa Bednarz et al.].
260 -Strefa adresu wydawniczego [ , ]
    • a
    • Miejsce wydania (P)
    • Kraków :
    • b
    • Nazwa wydawcy (P)
    • "Opres",
    • c
    • Data wydania (P)
    • 1998-.
300 -Strefa opisu fizycznego [ , ]
    • a
    • Określenie formy książki i/lub objętość (NP)
    • Wol. ;
    • c
    • Format (NP)
    • 25 cm.
336 -Typ zawartości [ , ]
    • a
    • Termin opisujący typ zawartości
    • Tekst
    • b
    • Kod określający zawartość
    • txt
    • 2
    • Źródło (terminu i kodu)
    • rdacontent
337 -Typ mediów [ , ]
    • a
    • Tryb odtwarzania
    • Bez urządzenia pośredniczącego
    • b
    • Kod typu mediów
    • n
    • 2
    • Źródło (terminu i kodu)
    • rdamedia
338 -Typ/rodzaj nośnika [ , ]
    • a
    • Hasło opisujące typ nośnika
    • Wolumin
    • b
    • Kod typu nośnika
    • nc
    • 2
    • Źródło (terminu i kodu)
    • rdacarrier
080 -Uniwersalna Klasyfikacja Dziesiętna [ , ]
    • a
    • Symbol klasyfikacji
    • 57/59(038)
650 -Hasło przedmiotowe [ ,7]
    • a
    • Hasło przedmiotowe
    • Nauki przyrodnicze
    • v
    • Określnik formalny
    • encyklopedie.
    • 2
    • Źródło terminu
    • kaba
    • 9
    • KHW
    • 422067
650 -Hasło przedmiotowe [ ,7]
    • a
    • Hasło przedmiotowe
    • Biologia
    • v
    • Określnik formalny
    • encyklopedie.
    • 2
    • Źródło terminu
    • kaba
    • 9
    • KHW
    • 440113
980 -Symbol UKD [ , ]
    • a
    • UKD
    • 57/59(038)
700 -Hasło dodatkowe - nazwa osobowa [1, ]
    • a
    • Nazwa osobowa (NP)
    • Jura, Czesław Find
    • d
    • Daty biograficzne (NP)
    • (1927- ).
    • e
    • Określenie rodzaju współpracy
    • Oprac.
    • 9
    • KHW
    • 87412
700 -Hasło dodatkowe - nazwa osobowa [1, ]
    • a
    • Nazwa osobowa (NP)
    • Krzanowska, Halina Find
    • d
    • Daty biograficzne (NP)
    • (1926-2004).
    • e
    • Określenie rodzaju współpracy
    • Oprac.
    • 9
    • KHW
    • 38945
700 -Hasło dodatkowe - nazwa osobowa [1, ]
    • a
    • Nazwa osobowa (NP)
    • Bednarz, Teresa. Find
    • 9
    • KHW
    • 738451
920 -ISBN [ , ]
    • a
    • ISBN
    • 83-85909-35-4 Find
    • q
    • Dopowiedzenie
    • całość
Numer porzadkowy Lokalizacja Data inwentaryzacji Numer inwentarzowy Status udost. Numer tomu
2BG1999-03-26Bl.82071T. 2 : Bo - Dn
3BG1999-05-28Bl.84441T. 3 : Do - Gi
4BG1999-05-28Bl.84471T. 4 : Gl - Ja
5BG1999-06-14Bl.84481T. 5 : Ja - Kr
7BG1999-06-14Bl.84501T. 7 : Mo - Os
1BG1999-01-29Bl.79731T. 1 : A - Bn
8BG1999-07-20Bl.84761T. 8 : Ot - Pr
9BG2000-02-25Bl.92701T. 9 : Ps - Si
10BG2000-06-09Bl.94521T. 10 : Sj - Ti
11BG2000-07-18Bl.94871T. 11 : Tk - Wr
12BG2001-01-29Bl.97681T. 12 : Ws - Ż, Suplement
13BG2001-01-29Bl.97691T. 13 : Suplement, taksonomiczny słownik polsko-łaciński i łacińsko-polski
6BG1999-06-14Bl.84491T. 6 : Ks - Mn